プロ野球スピリッツA(プロスピA) ミートA or パワーAの選手名(2024) - Statistics

General Stats
  • This quiz has been taken 202 times
  • The average score is 9 of 13
Answer Stats
ミート値 パワー値 選手名 % Correct
B(75) A(84) 岡本和真
92%
B(79) A(83) 村上宗隆
92%
C(66) A(81) 山川穂高
90%
A(80) A(80) 柳田悠岐
88%
A(81) B(78) 近藤健介
85%
B(79) A(80) 牧秀悟
82%
B(71) A(80) 佐藤輝明
79%
B(74) A(81) 浅村栄斗
66%
B(73) A(80) F.レイエス
63%
A(81) A(80) D.サンタナ
62%
A(83) B(78) 宮﨑敏郎
56%
A(81) B(75) 西川龍馬
47%
D(55) A(80) F.コルデロ
32%
No matching quizzes found
Score Distribution
Percent of People with Each Score
Percentile by Number Answered
Your Score History
You have not taken this quiz